Energy management handbook / (Record no. 176014)

000 -LEADER
fixed length control field 01331 a2200229 4500
003 - CONTROL NUMBER IDENTIFIER
control field Nust
005 - DATE AND TIME OF LATEST TRANSACTION
control field 20230911131219.0
010 ## - LIBRARY OF CONGRESS CONTROL NUMBER
LC control number 2004047212
020 ## - INTERNATIONAL STANDARD BOOK NUMBER
Terms of availability 0881734608 (print)
020 ## - INTERNATIONAL STANDARD BOOK NUMBER
Terms of availability 0881734616 (electronic)
040 ## - CATALOGING SOURCE
Transcribing agency Nust
082 00 - DEWEY DECIMAL CLASSIFICATION NUMBER
Classification number 658.26,TUR
100 1# - MAIN ENTRY--PERSONAL NAME
Personal name Turner, Wayne C.,
9 (RLIN) 99644
245 10 - TITLE STATEMENT
Title Energy management handbook /
Remainder of title by Wayne C. Turner.
250 ## - EDITION STATEMENT
Edition statement 5th ed.
260 ## - PUBLICATION, DISTRIBUTION, ETC.
Place of publication, distribution, etc. Lilburn, GA :
Name of publisher, distributor, etc. Fairmont Press ;
Place of publication, distribution, etc. New York :
Name of publisher, distributor, etc. Marcel Dekker,
Date of publication, distribution, etc. c2005.
300 ## - PHYSICAL DESCRIPTION
Extent xviii, 856 p. :
Other physical details ill. ;
Dimensions 28 cm.
505 ## - FORMATTED CONTENTS NOTE
Formatted contents note Introduction (Page- 1), Effective Energy Management (Page- 9), Energy Auditing (Page- 23), Economic Analysis (Page- 41), Boilers and Fire Systems (Page- 89), Steam and Condensate Systems (Page- 129), Co generation (Page- 159), Waste-Heat Recovery (Page- 197), Building Envelop (Page- 225), HVAC Systems (Page- 253), Electric Energy Management (Page- 279), Energy Management Control Systems (Page- 321), Lighting (Page- 359), Energy Systems Maintenance (Page- 407), Industrial Insulation (Page- 443), Use of Alternative Energy (Page- 477), Indoor Air Quality (Page- 503), Electric and Gas Utility Rates (Page- 513), Thermal Energy Storage (Page- 537), Codes Standards and Legislation (Page- 557).
650 #0 - SUBJECT ADDED ENTRY--TOPICAL TERM
Topical term or geographic name entry element Energy conservation
650 #0 - SUBJECT ADDED ENTRY--TOPICAL TERM
Topical term or geographic name entry element Power resources
9 (RLIN) 3458
942 ## - ADDED ENTRY ELEMENTS (KOHA)
Koha item type Reference
Source of classification or shelving scheme
Holdings
Withdrawn status Lost status Source of classification or shelving scheme Damaged status Not for loan Permanent Location Current Location Shelving location Date acquired Full call number Barcode Date last seen Price effective from Koha item type Public note
          Military College of Signals (MCS) Military College of Signals (MCS) Reference 12/12/2016 658.26,TUR MCS31073 12/08/2016 12/12/2016 Reference Almirah No.24, Shelf No.5
© 2023 Central Library, National University of Sciences and Technology. All Rights Reserved.